00501pam a2200133a 44500008004100000041000800041100002200049245001800071260008000089300000800169906000900177999001900186952016200205230405s2009 xxu||||| |||| 00| 0 eng d aENG aMills and Ganesan aHeat Transper abPearson education in south asia 11 community center panchsheel parkc2009 a878 a9626 c300125d300125 001040708CaKVKbKVKcR-4d2011-07-09eManneys Book Sellers 7, Moledina Road cloiver centreg499.00l0pKVK-XITH01045r2023-04-18 00:00:00w2023-04-18yBK